00321nam a2200109Ia 4500008004100000245007400041260004900115260000900164300001000173500001200183650001600195170224s9999 xx 000 0 und d aDiminishing self-disclosure to maintain security in partners’ care. bJournal of Personality and Social Psychology c2014 a106:1 aJanuary xPsychology.